| 000 | 00944nam0a22002651 4500 | ||
|---|---|---|---|
| 001 | RU\INFOCOMM_318\NLR\5000079490 | ||
| 005 | 20250613103826.0 | ||
| 035 | _a(NLR Aleph) 009481855 | ||
| 090 |
_a8592704 _c8592704 |
||
| 100 | _a20121130d1937 |||y0rusy50 ca | ||
| 101 | 0 | _aeng | |
| 102 | _aRU | ||
| 105 | _ay z ||||| | ||
| 200 | 1 | _aNotes for an introductory talk on public education in the USSR | |
| 210 |
_aМосква _d1937 _gтип. "Красный печатник" |
||
| 215 |
_a8 с. _d21 см |
||
| 300 | _aБез тит. л. и обл. | ||
| 333 | _a"For office use only" | ||
| 606 | 0 |
_aНародное образование _xМетодические пособия для докладов интуристам _yСССР _2nlr_sh1 |
|
| 710 | 0 | 2 |
_a"Intourist", company for foreign travel _cUSSR _4070 |
| 801 | 1 |
_aRU _bNLR _c20121130 |
|
| 801 | 0 |
_aRU _bINFOCOMM _gPSBO |
|
| 852 |
_aNLR _jD10/1073 _y2 экз. |
||
| 942 | _cBOOK | ||
| 980 | _aNB | ||